000
00282nam a22001337a 4500
008
180917b xxu||||| |||| 00| 0 eng d
041
_a
eng
080
_a
91
082
_a
91
100
_a
42
101
_a
GJEO
245
_a
Our world's heritage
_c
Grosvenor,G.M
942
_2
udc
_c
BK
999
_c
47828
_d
47828